| 000 | 01144 a2200229 4500 | ||
|---|---|---|---|
| 020 | _a0072230622 | ||
| 020 | _a9780072230628 | ||
| 082 | 0 | 4 | _a658 |
| 090 |
_c3462 _d3462 |
||
| 100 | 1 | _aPhillips, Joseph. | |
| 245 | 1 | 0 |
_aPmp project management professional study guide / _cJoseph Phillips. |
| 250 | _a1st ed. | ||
| 260 |
_a[S.l.] : _bMcGraw-Hill Osborne Media, _c2003. |
||
| 300 |
_a512 p. ; _c24 cm. |
||
| 490 | 1 | _aCertification press. | |
| 500 | _aPaperback. | ||
| 520 | _aGet the book that shows you not only what to study, but how to study. The only classroom-based integrated study system for professional certification gives you complete coverage of all objectives for the PMP exam, hundreds of practice exam questions, and hands-on exercises. The CD-ROM features full practice exam software with interactive tutorials and lab simulations, plus an adaptive test engine. | ||
| 830 | 0 | _aCertification press. | |
| 856 | 4 | 0 |
_3Amazon.com _uhttp://www.amazon.com/exec/obidos/ASIN/0072230622/chopaconline-20 |
| 856 | 4 | 0 |
_3Amazon customer reviews _uhttp://www.chopac.org/cgi-bin/tools/azrev.pl?q=0072230622 |
| 942 |
_aNBS _cBK _k658.404 PHI |
||
| 999 |
_c345940 _d345940 |
||